000
00329nam a2200121Ia 4500
008
190802s9999 xx 000 0 und d
020
_a
978-969-637-398-8
100
_a
Fatima Akram
245
0
_a
Introduction to Biochemistry and Biotechnology Techniques
260
_a
Karachi
_b
Paramount
_c
2018
300
_a
347:p
942
_c
BK
999
_c
2204
_d
2204